El concubinato en el derecho civil francés / (Record no. 69444)

MARC details
000 -LEADER
campo de control de longitud fija 00828nam a2200217 i 4500
001 - NÚMERO DE CONTROL
campo de control 69444
003 - IDENTIFICADOR DE NÚMERO DE CONTROL
campo de control ES-MaACL
005 - FECHA Y HORA DE LA ÚLTIMA TRANSACCIÓN
campo de control 20230906170524.0
007 - CAMPO FIJO DE DESCRIPCIÓN FÍSICA--INFORMACIÓN GENERAL
campo de control de longitud fija t|
008 - DATOS DE LONGITUD FIJA--INFORMACIÓN GENERAL
campo de control de longitud fija 040706s1965 it ||||1| spa d
100 1# - ENTRADA PRINCIPAL--NOMBRE DE PERSONA
Nombre de persona García Cantero, Gabriel.
9 (RLIN) 54335
245 13 - MENCIÓN DEL TÍTULO
Título El concubinato en el derecho civil francés /
Mención de responsabilidad, etc. Gabriel García Cantero ; con un prólogo de Ignacio Serrano.
260 ## - PUBLICACIÓN, DISTRIBUCIÓN, ETC.
Lugar de publicación, distribución, etc. Roma :
Nombre del editor, distribuidor, etc. Consejo Superior de Investigaciones Científicas, Instituto Jurídico Español,
Fecha de publicación, distribución, etc. 1965.
300 ## - DESCRIPCIÓN FÍSICA
Extensión XVII, 212 p. ;
Dimensiones 25 cm.
490 1# - MENCIÓN DE SERIE
Mención de serie Cuadernos del Instituto Jurídico Español ;
Designación de volumen o secuencia 8
700 1# - ENTRADA AGREGADA--NOMBRE PERSONAL
Nombre de persona Serrano, Ignacio.
9 (RLIN) 105697
710 2# - ENTRADA AGREGADA--NOMBRE DE ENTIDAD CORPORATIVA
Nombre de entidad corporativa o nombre de jurisdicción como elemento de entrada Instituto Jurídico Español.
9 (RLIN) 183273
830 0# - PUNTO DE ACCESO ADICIONAL DE SERIE-TÍTULO UNIFORME
Título uniforme Cuadernos del Instituto Jurídico Español ;
Designación de volumen o secuencia 8
9 (RLIN) 183274
852 ## - LOCALIZACIÓN
Ubicación ES-MaACL
Número de control de estantería C-28974
Sublocalización o colección R.58327
Holdings
Estatus retirado Estado de pérdida Estado de daño No para préstamo Biblioteca de origen Biblioteca actual Ubicación en estantería Fecha de adquisición Fuente de adquisición Total de préstamos Signatura topográfica completa Código de barras Visto por última vez Precio de reemplazo Tipo de ítem Koha
        Biblioteca del Ateneo de Madrid Biblioteca del Ateneo de Madrid Depósito 2 17/01/2008     C-28974 1072720 23/02/2023 23/02/2023 Libro impreso